| 000 | 00501nam a2200181Ia 4500 | ||
|---|---|---|---|
| 008 | 240729s9999 xx 000 0 und d | ||
| 022 | _a2527-2616 | ||
| 245 | 0 | _aDrug Analytical Research | |
| 260 | _aBrazil | ||
| 260 | _bUniversidade Federal do Rio Grande do Sul | ||
| 650 | _a Biotechnology | Science | ||
| 650 | _a Chemical technology | ||
| 650 | _a Chemistry | ||
| 650 | _aTechnology | ||
| 856 | _uhttps://doaj.org/toc/2a135bc56cd1419298bc2d7007d02afa | ||
| 942 | _2ddc | ||
| 942 | _cDOAJEJ | ||
| 999 |
_c73005 _d73005 |
||
| 945 |
_a1 _bMadushi Gamage _c1 _dMadushi Gamage |
||